| 000 | 01446nam a2200349 c 4500 | ||
|---|---|---|---|
| 999 |
_c190065 _d190065 |
||
| 003 | BLK | ||
| 005 | 20250225005545.0 | ||
| 008 | 180411b bul|||||r ||||||| ||bul|| | ||
| 010 | _aKNG00199125000 | ||
| 040 | _aBLK | ||
| 041 |
_aBUL _cBUL |
||
| 072 | 7 |
_2bullib _aА _xФонд Михаил Арнаудов |
|
| 080 |
_aБългарска литература _b821.163.2 _x-1 _z821.163.2-1 |
||
| 100 |
_aБотев, Христо _d1848 - 1876 _qПетков, Христо Ботев _eпърви автор _9364222 |
||
| 139 |
_aБотев, Христо _bБ 70 |
||
| 245 | 1 | 0 |
_aСтихотворения _cХристо Ботев; предг. от Боян Пенев. |
| 257 | _aBGR | ||
| 260 |
_bТ. Ф. Чипев _c1931 _fСофия : С. М. Стайков |
||
| 300 |
_a113 с., 1 л. _bпортр. _c19 см |
||
| 380 | _aX | ||
| 490 |
_9396381 _aЧастна колекция - Академик Михаил Арнаудов _gДарение - Основен фонд |
||
| 500 | _aПълното име на авт. на предг. е Боян Пенев Николов. - Мека подв. | ||
| 659 | _aА | ||
| 700 |
_aПенев, Боян _d1882 – 1927 _qНиколов, Боян Пенев _9396852 |
||
| 852 | _aМА 2020 | ||
| 856 | 4 | _qpdf | |
| 856 | 4 | _qpdf | |
| 942 |
_cKNG _n0 _s1 _01 |
||
| 944 |
_aCR _c11.01.2017 _k _lCRON CRON |
||
| 944 |
_aED _c11.01.2017 _kГеновева_Генчева |
||
| 999 | _d190065 | ||